Paradiso

Saved in:
Bibliografiske detaljer
Hovedforfatter: Lezama Lima, José (Author)
Format: Bog
Sprog:spansk
Udgivet: Madrid Alianza 1983
Serier:Colección Alianza Tres. Era, 115
Fag:
Tags: Tilføj Tag
Ingen Tags, Vær først til at tagge denne postø!

MARC

LEADER 00000nam a2200000 a 4500
001 UCV9520
003 CL-VaPUC
008 921110e19830000SP |||||||||||||||||spa|d
082 0 4 |a Cu863  |b LEZ  |2 21 
100 |a Lezama Lima, José  |e author  |9 376982 
245 1 0 |a Paradiso 
300 |a 489 p 
942 |c BK 
945 |d 19921110 00:00:00 
260 |a Madrid  |b Alianza  |c 1983 
650 0 |a Novelas cubanas  |9 268276 
583 |a last modification  |c 19921110 00:00:00  |k Rodrigo Vera 
490 0 |a Colección Alianza Tres. Era, 115 
999 |c 214841  |d 214839 
952 |0 0  |1 0  |4 0  |6 CU_863_000000000000000_LEZ_1983  |7 0  |8 A  |9 198610  |a BIBARQ  |b BIBARQ  |d 2019-11-14  |i 266044K  |o Cu863 LEZ 1983  |p 266044K  |r 2025-01-20  |w 2019-11-14  |y BK  |k ARQ